Movies Quiz

Random Movies Quiz

Caddyshack Quiz Stats

 Plays Quiz not verified by Sporcle

Score 0/182 Timer 10:00
0 Plays Today
% Correct
the
94.8%
the
94.8%
The
94.8%
the
94.8%
The
94.8%
the
94.8%
the
94.8%
the
94.8%
the
94.8%
the
94.8%
the
94.8%
the
94.8%
and
94.6%
and
94.6%
a
94.6%
A
94.6%
a
94.6%
a
94.6%
a
94.6%
a
94.6%
and
94.6%
and
94.6%
a
94.6%
And
94.6%
and
94.6%
And
94.6%
a
94.6%
And
94.6%
94.6%
So
94%
So
94%
So
94%
So
94%
So
94%
Lama
92.4%
Lama
92.4%
Lama
92.4%
Lama
92.4%
Lama
92.4%
me?
90.1%
me
89.5%
me
89.5%
you
89.4%
you
89.4%
you
89.4%
you
89.4%
you
89.4%
you
89.4%
you
89.4%
for
87.4%
for
87.4%
to
86.8%
He
85.5%
he
85.5%
on
83.2%
on
83.2%
on
83.2%
that
82.7%
going
82.7%
will
80.7%
got
80.4%
% Correct
know
80.3%
know
80.3%
know
80.3%
know.
80.3%
total
77.6%
Dalai
76.3%
effort
75.9%
something
75.9%
about
75.8%
is
75.4%
how
74.9%
your
74.4%
say
74%
deathbed
73.4%
little
72.6%
Hey
72.2%
Hey
72.2%
which
71.7%
him
71.4%
him
71.4%
nice
71%
I
70.8%
I
70.8%
I
70.8%
I
70.8%
I
70.8%
I
70.8%
I
70.8%
in
70.2%
there
70.2%
in
70.2%
there
70.2%
be
70.1%
caddy
68.8%
says?
68.5%
says
68.5%
hitter
68.4%
big
67.2%
but
65.6%
looper
65.3%
looper
65.3%
looper
65.3%
money
64.8%
stiff
64.7%
of
63.5%
of
63.5%
we
60.4%
do
59.9%
do
59.9%
when
59.8%
jock
59.6%
jock
59.6%
give
59.2%
give
59.2%
himself
58%
consciousness
57.6%
Gunga
57.5%
gunga
57.5%
gunga
57.5%
robes
56.6%
flowing
56.4%
% Correct
I'm
55.6%
I'm
55.6%
recieve
55.3%
who
54.5%
they
54.2%
Tibet
54.1%
die
54.1%
get
53.4%
what
52.1%
any
52%
son
51.8%
driver
51.8%
as
51.6%
pro
51.4%
won't
51.3%
foot
51.2%
tee
51.1%
at
50.5%
at
50.5%
ship
49.9%
jump
49.8%
he's
48.8%
my
48.2%
first
48.1%
glacier
48%
over
47.3%
over
47.3%
gonna
46.3%
think
45.7%
Hong
45.6%
Kong
45.6%
thousand
45.6%
finish
45.5%
off
45.4%
tell
44.3%
ten
44%
way
43.4%
one
43.3%
galunga
42.6%
galunga
42.6%
course
42%
make
41.8%
into
41.6%
Oh
41.2%
hauls
39.4%
crevice
39.4%
striking
39.2%
base
38.7%
with
37.6%
this
37.3%
long
37.1%
bald
35.9%
grace
35.3%
18
35.3%
Himalayas
34.8%
Twelfth
34.3%
em
31.3%
right
29.2%
wacks
28.2%
uh
15.6%

You're not logged in!

Compare scores with friends on all Sporcle quizzes.
OR
Log In

Sporcle TV

Today on Sporcle TV


Watch our educational content, quiz creation guides, and fun videos on Sporcle TV.

Show Comments

Extras

Created Nov 17, 2010ReportNominate
Tags:bill, Bill Murray, caddyshack, trip

Top Quizzes Today


Score Distribution

Your Account Isn't Verified!

In order to create a playlist on Sporcle, you need to verify the email address you used during registration. Go to your Sporcle Settings to finish the process.

Report this User

Report this user for behavior that violates our Community Guidelines.

Details: